Fr. Conceicao Rodrigues College of Engineering

Workshop Cal.Sci. Solved Papers Radio/T.V (Record no. 27042)

MARC details
000 -LEADER
fixed length control field 00325nam a2200133Ia 4500
100 ## - MAIN ENTRY--PERSONAL NAME
Personal name Virmani/S.K
245 ## - TITLE STATEMENT
Title Workshop Cal.Sci. Solved Papers Radio/T.V
260 ## - PUBLICATION, DISTRIBUTION, ETC.
Name of publisher, distributor, etc. New Heights
Place of publication, distribution, etc. NewDelhi
546 ## - LANGUAGE NOTE
Language note HINDI
650 ## - SUBJECT ADDED ENTRY--TOPICAL TERM
Topical term or geographic name entry element Automobiles
654 ## - SUBJECT ADDED ENTRY--FACETED TOPICAL TERMS
Focus term Workshop Cal.Sci. Solved Papers Radio/T.V
942 ## - ADDED ENTRY ELEMENTS (KOHA)
Koha item type BOOK
Holdings
Withdrawn status Lost status Damaged status Not for loan Collection Home library Current library Date acquired Total Checkouts Full call number Barcode Date last seen Price effective from Koha item type
        ITI Fr. Agnel's C.Rodrigues College of Engineering Fr. Agnel's C.Rodrigues College of Engineering 17/03/2023   ITI291 17/03/2023 17/03/2023 BOOK
        ITI Fr. Agnel's C.Rodrigues College of Engineering Fr. Agnel's C.Rodrigues College of Engineering 17/03/2023   ITI292 17/03/2023 17/03/2023 BOOK
        ITI Fr. Agnel's C.Rodrigues College of Engineering Fr. Agnel's C.Rodrigues College of Engineering 17/03/2023   ITI293 17/03/2023 17/03/2023 BOOK
        ITI Fr. Agnel's C.Rodrigues College of Engineering Fr. Agnel's C.Rodrigues College of Engineering 17/03/2023   ITI294 17/03/2023 17/03/2023 BOOK